000 00309 a2200109 4500
001 ART_12909
005 20260410161909.0
008 260409a
245 1 0 _aLos presupuestos base cero
100 1 _aPyhrr, Peter A.
773 0 _tCostos y gestión
_g- Año 13, Nº 53 (sep. 2004)
_wREV12786
999 _c26670
_d26670